Fixed prosthodontics in dental practice / (رقم التسجيلة. 42606)

تفاصيل مارك
000 -الفاتح
حقل البيانات ثابتة الطول 00901cam a2200265 a 4500
003 - محدد رقم الضبط
رقم الضبط OSt
005 - وقت وتاريخ اخر تعامل مع التسجيلة
رقم الضبط 20180817154621.0
008 - عناصر البيانات ثابتة الطول - معلومات عامة
حقل البيانات ثابتة الطول 041102s2005 enka b 001 0 eng
020 ## - الرقم الدولى المعيارى للكتب
الرقم الدولى المعيارى للكتاب 9781850970958
020 ## - الرقم الدولى المعيارى للكتب
الرقم الدولى المعيارى للكتاب 1850970955
040 ## - مصدر الفهرسة
وكالة الفهرسة الأصلية NLM
وكالة النسخ NLM
وكالة التعديل UKM
-- BAKER
-- MUQ
-- YDXCP
-- CGC
-- OCLCG
لغة الفهرسة eng
042 ## - رمز التحقق
رمز التحقق ukblsr
-- nlmcopyc
050 #4 - رقم طلب مكتبة الكونجرس
رقم التصنيف RK651
رقم المادة .O88 2005
082 ## - رقم تصنيف ديوى العشرى
رقم الطبعة 21
رقم التصنيف 617.692
رقم المادة FIP
092 ## - رقم استدعاء ديوى المحلى
رقم المادة F566p
245 00 - بيان العنوان
العنوان Fixed prosthodontics in dental practice /
بيان المسئوليه,etc [edited] by Michael O'Sullivan
260 ## - PUBLICATION, DISTRIBUTION, ETC. (IMPRINT)
مكان الناشر او الموزع London ;
-- Chicago :
اسم الناشر او الموزع Quintessence Pub.,
تاريخ النشر أو التوزيع c2005
300 ## - الوصف المادى
التعداد 162 p. :
تفاصيل ماديه اخرى للوعاء ill. (some col.) ;
أبعاد الوعاء 22 cm
490 1# - بيان السلسلة
عنوان السلسلة Quintessentials of dental practice ;
رقم المجلد/ التعيين التسلسلي 22.
عنوان السلسلة Prosthodontics ;
رقم المجلد/ التعيين التسلسلي 4
504 ## - تبصرة ببليوجرافية
تبصرة ببليوجرافية,الخ Includes bibliographical references and index
650 12 - المدخل الاضافى بالموضوع-مصطلح موضوعى
مصطلح موضوعي أو اسم جغرافي كعنصر مدخل Prosthodontics
التقسيم الفرعي العام methods
9 (RLIN) 51769
650 #0 - المدخل الاضافى بالموضوع-مصطلح موضوعى
مصطلح موضوعي أو اسم جغرافي كعنصر مدخل Prosthodontics
9 (RLIN) 64241
700 1# - المدخل الاضافى - اسم شخصى
الإسم الشخصى O'Sullivan, Michael,
التواريخ المصاحبة للاسم 1968-
9 (RLIN) 64242
942 ## - عناصر المدخل الإضافي( كوها)
Koha [default] item type كتاب
المقتنيات
حالة الفقد نموذج السعر الفعال حالة تلف ليس للاعارة رقم الطلب تاريخ الاكتساب الموقع الحالي الباركود الفرع الرئيسي Date last seen نوع المادة فى نظام كوها مصدر التصنيف او خطة الترفيف Total Checkouts
  2018-08-17     617.692 FIP 2018-08-17 المكتبة المركزية بالمجمعة (CL) 00656932 المكتبة المركزية بالمجمعة (CL) 2018-08-17 كتاب Dewey Decimal Classification  
  2018-08-17     617.692 FIP 2018-08-17 المكتبة المركزية بالمجمعة (CL) 00656933 المكتبة المركزية بالمجمعة (CL) 2018-08-17 كتاب Dewey Decimal Classification  
  2019-08-21     617.692 FIP 2019-08-21 المكتبة المركزية بالمجمعة (CL) 00157849 المكتبة المركزية بالمجمعة (CL) 2019-08-21 كتاب Dewey Decimal Classification  
  2019-08-21     617.692 FIP 2019-08-21 مكتبة كلية طب الأسنان الزلفي طالبات (DZF) 00157850 مكتبة كلية طب الأسنان الزلفي طالبات (DZF) 2019-08-21 كتاب Dewey Decimal Classification  
  2019-08-21     617.692 FIP 2019-08-21 مكتبة كلية طب الأسنان الزلفي طالبات (DZF) 00157851 مكتبة كلية طب الأسنان الزلفي طالبات (DZF) 2019-08-21 كتاب Dewey Decimal Classification  
  2018-08-18     617.692 FIP 2018-08-18 مكتبة مجمع الكليات بالزلفى - طلاب (SZM) 00657166 مكتبة مجمع الكليات بالزلفى - طلاب (SZM) 2018-08-18 كتاب Dewey Decimal Classification  
  2018-08-18     617.692 FIP 2018-08-18 مكتبة مجمع الكليات بالزلفى - طلاب (SZM) 00657167 مكتبة مجمع الكليات بالزلفى - طلاب (SZM) 2018-08-18 كتاب Dewey Decimal Classification